| 000 | 005630000a22002050004500 | ||
|---|---|---|---|
| 003 | LK-CoMWRAF | ||
| 005 | 20231114222234.0 | ||
| 008 | 230817t ||||| |||| 00| 0 eng d | ||
| 020 | _a0553371045 | ||
| 040 |
_aLK-CoMWRAF _dLK-CoMWRAF _eLK-CoMWRAF |
||
| 041 | _aeng | ||
| 082 |
_a821 _bJAL |
||
| 100 | _aJalal Al-Din Al-Rumi, Maulana | ||
| 245 |
_aA Garden beyond paradise : _bThe mystical poetry of Rumi |
||
| 260 |
_aNew York : _bBantam books, _c1992 |
||
| 300 | _axxv, 164 p. ; 21 cm. | ||
| 650 | _aPoetry | ||
| 700 |
_aStar,, Jonathan _eed. |
||
| 942 | _cBK | ||
| 999 |
_c1889 _d1889 |
||